000 00853nam a2200277 a 4500
008
020 _a0874345308 (pbk.)
049 _aMAIN
090 0 _aRT51 SPA
100 1 _aSparks, Sheila M.
245 1 0 _aNursing diagnosis reference manual /
_cSheila M. Sparks and Cynthia M. Taylor.
250 _a2nd ed.
260 _aSpringhouse, Pa. :
_bSpringhouse Corp.,
_cc1993.
300 _aix, 597 p. ;
_c23 cm.
504 _aIncludes bibliographical references.
500 _aIncludes index.
650 0 _aNursing
_xHandbooks, manuals, etc.
650 2 _aNursing Diagnosis
_xhandbooks.
650 2 _aPatient Care Planning
_xhandbooks.
700 1 _aTaylor, Cynthia M.
907 _a.b10130925
_b06-02-14
_c16-07-04
003
005 20230123134020.0
040 _cNUST
942 _cBOOKS
_kRT51 SPA
999 _c158542
_d158542